00633nam a2200193 i 4500001000700000003000900007005001700016007000300033008004100036100002900077245008000106260004700186300002700233490004100260651003400301651003200335830004100367852003100408143756ES-MaACL20250604062544.0t|070214s1968 sp r ||||1| spa d1 aSevilla Andrés, Diego.10aHistoria política de España b: (1800-1967) / cDiego Sevilla Andrés. aMadrid : bEd. Nacional, c1968 (fUguina) aXIV, 627 p. ; c24 cm.1 aMundo Científico. Serie Jurídica 7aEspaña-xHistoria-yS.XIX2 4aEspaña-xHistoria-yS.XX.0 aMundo Científico. Serie Jurídica aES-MaACLjG-4040 bR.66160